000 01660nam a2200385 a 4500
001 ebr10641595
003 CaPaEBR
006 m u
007 cr cn|||||||||
008 101111s2011 pauab sb 001 0 eng d
010 _z 2010047515
020 _z9780812242843 (hardcover : alk. paper)
020 _z9780812204476 (e-book)
040 _aCaPaEBR
_cCaPaEBR
035 _a(OCoLC)793012549
050 1 4 _aHT361
_b.G57 2011eb
082 0 4 _a307.76
_222
245 0 0 _aGlobal urbanization
_h[electronic resource] /
_cedited by Eugenie L. Birch and Susan M. Wachter.
260 _aPhiladelphia :
_bUniversity of Pennsylvania Press,
_cc2011.
300 _avi, 376 p. :
_bill., maps.
490 1 _aCity in the twenty-first century
504 _aIncludes bibliographical references (p. [331]-361) and index.
505 0 _apt. 1. Twenty-first-century population prospect : emerging needs -- pt. 2. Urban spatial growth and development -- pt. 3. Urban governance and finance -- pt. 4. Cases in urban development.
533 _aElectronic reproduction.
_bPalo Alto, Calif. :
_cebrary,
_d2013.
_nAvailable via World Wide Web.
_nAccess may be limited to ebrary affiliated libraries.
650 0 _aUrbanization.
650 0 _aCities and towns
_xGrowth.
650 0 _aUrban policy.
650 0 _aCity planning.
655 7 _aElectronic books.
_2local
700 1 _aBirch, Eugenie Ladner.
700 1 _aWachter, Susan M.
710 2 _aebrary, Inc.
830 0 _aCity in the twenty-first century book series.
856 4 0 _uhttp://site.ebrary.com/lib/rucke/Doc?id=10641595
_zAn electronic book accessible through the World Wide Web; click to view
999 _c30877
_d30877